[Event "Landsturneringen NM i sjakk 2013"]
[Site "Radisson Blu Lillehammer Hotel"]
[Date "2013.06.29"]
[Round "9"]
[White "Haldorsen, Benjamin"]
[Black "Rødsmoen, Maud"]
[Result "1/2-1/2"]
[WhiteElo "1892"]
[BlackElo "1722"]
[PlyCount "59"]
[EventDate "2013.??.??"]

1. e4 e5 2. Nf3 Nc6 3. Bb5 a6 4. Ba4 Nf6 5. O-O b5 6. Bb3 Be7 7. Re1 d6 8. c3
Na5 9. Bc2 c5 10. h3 O-O 11. d4 Qc7 12. Nbd2 Nc6 13. d5 Nd8 14. a4 Rb8 15. axb5
axb5 16. Nf1 Ne8 17. b4 g6 18. Be3 f6 19. Ra5 Nf7 20. Qe2 c4 21. g4 Ng7 22. Ra7
Bb7 23. Rea1 Ra8 24. Bb1 Rfb8 25. Ng3 Qc8 26. Kh2 Rxa7 27. Rxa7 Ra8 28. Qa2
Rxa7 29. Qxa7 Qa8 30. Qxa8+ 1/2-1/2

[Event "Landsturneringen NM i sjakk 2013"]
[Site "Radisson Blu Lillehammer Hotel"]
[Date "2013.06.29"]
[Round "9"]
[White "Andås, Kjetil"]
[Black "Skjølås, Erling Dyrhaug"]
[Result "1-0"]
[WhiteElo "1492"]
[BlackElo "1399"]
[PlyCount "51"]
[EventDate "2013.??.??"]

1. e4 e6 2. d4 d5 3. e5 c5 4. c3 Nc6 5. Nf3 Bd7 6. Bd3 Qb6 7. O-O cxd4 8. Nxd4
Nxd4 9. cxd4 Qxd4 10. Nc3 Qxe5 11. Re1 Qd6 12. Nb5 Qb8 13. Qf3 Bd6 14. Qxd5
Bxh2+ 15. Kh1 Ne7 16. Qg5 Ng6 17. g3 h6 18. Qc5 Bxg3 19. fxg3 Qxg3 20. Nd6+ Kd8
21. Nxb7+ Ke8 22. Nd6+ Kd8 23. Nxf7+ Ke8 24. Nd6+ Kd8 25. Qa5+ Ke7 26. Nf5+ 1-0

[Event "Landsturneringen NM i sjakk 2013"]
[Site "Radisson Blu Lillehammer Hotel"]
[Date "2013.06.29"]
[Round "9"]
[White "Aure, Anders Nilsson"]
[Black "Kyrkjebø, Hanna B"]
[Result "0-1"]
[WhiteElo "1449"]
[BlackElo "1555"]
[PlyCount "32"]
[EventDate "2013.??.??"]

1. c4 e5 2. Nc3 Nc6 3. g3 f5 4. Bg2 Nf6 5. e3 g6 6. Nge2 Bg7 7. O-O O-O 8. d3
Ne7 9. Rb1 d6 10. b4 g5 11. f4 gxf4 12. exf4 c6 13. a4 Ng6 14. Qb3 Be6 15. Rd1
Ng4 16. b5 Qb6+ 0-1

[Event "Landsturneringen NM i sjakk 2013"]
[Site "Radisson Blu Lillehammer Hotel"]
[Date "2013.06.29"]
[Round "9"]
[White "Keadana, Amir"]
[Black "Sætre, Mathias"]
[Result "1/2-1/2"]
[WhiteElo "1275"]
[BlackElo "1720"]
[PlyCount "45"]
[EventDate "2013.??.??"]

1. e4 e6 2. d4 d5 3. Nd2 Nf6 4. e5 Nfd7 5. Bd3 c5 6. c3 Nc6 7. Ne2 Qc7 8. Nf3
b6 9. O-O Bb7 10. Bf4 h6 11. a3 O-O-O 12. b4 cxd4 13. cxd4 a6 14. b5 axb5 15.
Bxb5 Kb8 16. Qa4 g5 17. Bg3 Kc8 18. Rac1 Ndb8 19. Rc2 Kd7 20. Rfc1 Rc8 21. Nc3
Kd8 22. Na2 Qd7 23. Nb4 1/2-1/2

[Event "Landsturneringen NM i sjakk 2013"]
[Site "Radisson Blu Lillehammer Hotel"]
[Date "2013.06.29"]
[Round "9"]
[White "Amarapala, Sherington"]
[Black "Sivaranjan, Aschmirthan"]
[Result "1/2-1/2"]
[WhiteElo "1536"]
[BlackElo "1470"]
[PlyCount "29"]
[EventDate "2013.??.??"]

1. e4 e5 2. Nf3 Nc6 3. d4 exd4 4. Nxd4 Bc5 5. Be3 Qf6 6. c3 Nge7 7. Be2 O-O 8.
O-O d5 9. Nxc6 Qxc6 10. exd5 Nxd5 11. Bxc5 Qxc5 12. Bf3 Nf4 13. Qa4 Qg5 14. g3
Nh3+ 15. Kg2 1/2-1/2